000 00441nam a2200169Ia 4500
003 GCL
008 140319s9999 xx 000 0 eng d
040 _aGCL /
_cGCL
082 0 4 _a003.5
_bJ M
100 1 _aJACKER, CORINNE
245 1 0 _aMAN MEMORY MACHINES: AN INTRODUCTION TO CYBERNETICS /
_cJACKER, CORINNE
260 _a[S.N] :
_bDELL BOOK ،
_c1966
300 _a96 P
650 0 4 _aMEMORY
650 0 4 _aCYBERNETICS
942 _2ddc
_cBK
999 _c12104
_d12104